Russia Ukraune Crisis: (Record no. 615436)

000 -LEADER
fixed length control field 00400nam a22001337a 4500
020 ## - INTERNATIONAL STANDARD BOOK NUMBER
International Standard Book Number 978-6968535674
040 ## - CATALOGING SOURCE
Transcribing agency NUST
082 ## - DEWEY DECIMAL CLASSIFICATION NUMBER
Classification number 327.47
Author Mark KHA
100 ## - MAIN ENTRY--PERSONAL NAME
Personal name Khan, Ashfaque Hasan
9 (RLIN) 111931
245 ## - TITLE STATEMENT
Title Russia Ukraune Crisis:
Remainder of title Dawn of a new world order? /
Statement of responsibility, etc. Ashfaque Hasan Khan
260 ## - PUBLICATION, DISTRIBUTION, ETC.
Place of publication, distribution, etc. Islamabad;
Name of publisher, distributor, etc. NUST Institute of Policy Studies,
Date of publication, distribution, etc. 2023.
300 ## - PHYSICAL DESCRIPTION
Extent 132p.
Other physical details PB.
Dimensions 27cm.
942 ## - ADDED ENTRY ELEMENTS (KOHA)
Source of classification or shelving scheme
Koha item type Book
Holdings
Withdrawn status Lost status Source of classification or shelving scheme Damaged status Not for loan Permanent Location Current Location Shelving location Date acquired Source of acquisition Total Checkouts Full call number Barcode Date last seen Price effective from Koha item type
          Central Library (CL) Central Library (CL) General Stacks 12/01/2025 Donation   327.47 KHA CL-D-3171 12/01/2025 12/01/2025 Book
© 2023 Central Library, National University of Sciences and Technology. All Rights Reserved.